000 00653nam a2200217Ia 4500
008 101110s9999 xx 000 0 und d
041 _aENGLISH
082 _bJR4993
100 _aShejwalkar P.C., Joshi V.A. & others
245 _aA text book of organisation of commerce and management XI Com
260 _c2006
_bNarendra Prakashan, Pune
300 _a264
365 _b54
520 _aCommerce
546 _aENGLISH
630 _aA text book of organisation of commerce and management XI Com
650 _aCommerce
655 _aCommerce
730 _aA text book of organisation of commerce and management XI Com
942 _cBOOK
999 _c795800
_d795797